[Event "Sokolsky mem"]
[Site "Minsk"]
[Date "1985.??.??"]
[Round "?"]
[White "Mochalov, Evgeny V"]
[Black "Korzubov, Peter"]
[Result "1-0"]
[WhiteElo "2420"]
[BlackElo "2460"]

1.Nf3 d5 2.c4 e6 3.g3 dxc4 4.Bg2 Nd7 5.O-O Nb6 6.Qc2 Nf6 7.Na3 Be7 8.Nxc4 Nxc4
9.Qxc4 O-O 10.b3 c5 11.Bb2 Bd7 12.Ne5 b5 13.Qd3 Rc8 14.Nxd7 Qxd7 15.Qxd7 Nxd7
16.a4 b4 17.Rac1 Rc7 18.Rc2 Rfc8 19.Rfc1 Bd6 20.f4 f6 21.e3 a5 22.Bf1 Nb6
23.Kf2 Kf7 24.Ba6 Ra8 25.Bb5 Rac8 26.Ba6 Ra8 27.Bb5 Rac8 28.Kf3 Be7 29.g4 g6
30.h4 Rd8 31.g5 f5 32.Be5 Rcc8 33.d4 cxd4 34.Bxd4 Rxc2 35.Rxc2 Nd5 36.Rh2 h5
37.Rc2 Nc3 38.Bxc3 Rc8 39.Bc4 bxc3 40.Rxc3 Bc5 41.e4 Ke7 42.exf5 exf5 43.Rd3 Rc7
44.Rd5 Kf8 45.Rd8+ Kg7 46.Rg8+ Kh7 47.Rb8 Re7 48.Rb5 Bb4 49.Rxb4 axb4 50.a5 Re1
51.a6 Ra1 52.Ke3 Kg7 53.Kd4 Ra5 54.Bf1 Kf8 55.Be2 Ke7 56.Bd3 Kd6 57.Bc4 Kc7
58.Bd3 Ra2 59.Bc4 Ra5 60.Bd3 Ra1 61.Ke5 Rh1 62.Kf6 Rh3 63.Bc4 Rxh4 64.Kxg6 Rxf4
65.Bd5 Kb6 66.Kxh5 Rd4 67.Bf7 f4 68.Kg4 Rd1 69.Bc4 Rc1 70.Bd5 Rd1 71.Bf3 Rb1
72.Bd5 Rd1 73.Be4 Kxa6 74.Kxf4 Kb6 75.Ke5 Kc5 76.g6 Rg1 77.Bf5 Rg3 78.Kf6 Rxb3
79.g7 Rg3 80.Bg6  1-0

[Event "Naleczow"]
[Site "Naleczow"]
[Date "1985.??.??"]
[Round "7"]
[White "Ksieski, Zbigniew"]
[Black "Hawelko, Marek"]
[Result "0-1"]
[WhiteElo "2380"]
[BlackElo "2420"]

1.Nf3 d5 2.c4 c6 3.cxd5 cxd5 4.d4 Nc6 5.Bf4 Nf6 6.Nc3 Bf5 7.e3 e6 8.Bd3 Bxd3
9.Qxd3 Be7 10.O-O O-O 11.Rfc1 a6 12.Ne5 Nxe5 13.Bxe5 Nd7 14.Bg3 Rc8 15.Rc2 Qa5
16.Rac1 Rc6 17.h3 Rfc8 18.a3 Nb6 19.f3 Nc4 20.Be1 Qb6 21.Nd1 Qb5 22.Qf1 Bd6
23.f4 Be7 24.Rc3 g6 25.a4 Qb6 26.b3 Nd6 27.Qd3 Ne4 28.Rxc6 Rxc6 29.Rxc6 Qxc6
30.Qb1 b5 31.axb5 Qxb5 32.Nf2 Qe2 33.Nxe4 dxe4 34.Bf2 f5 35.Qf1 Qxf1+ 36.Kxf1 Kf7
37.Be1 Ke8 38.Ke2 Kd7 39.Kd1 Kc6 40.Kc2 Kb5 41.Kb2 g5 42.g3 a5 43.Kc2 g4
44.h4 Bb4 45.Bf2  0-1

[Event "Nikea op"]
[Site "Nikea"]
[Date "1985.??.??"]
[Round "?"]
[White "Pountzas, Hrisanthos"]
[Black "Qrnithpoulos"]
[Result "1-0"]
[WhiteElo "2325"]
[BlackElo "2200"]

1.Nf3 d5 2.c4 d4 3.e3 Nc6 4.exd4 Nxd4 5.Nxd4 Qxd4 6.Nc3 Nf6 7.Nb5 Qd8 8.d4 c6
9.Nc3 Bf5 10.Be2 e6 11.O-O Bd6 12.Bf3 Qc7 13.h3 h5 14.d5 Bh2+ 15.Kh1 Ng4
16.dxc6 bxc6 17.Qd4 Be5 18.Qc5 Rc8 19.g3 f6 20.Kg2 Bd6 21.Qd4 Rd8 22.hxg4 hxg4
23.Be4 Be5 24.Qe3 g6 25.Bd2 Rh3 26.Rh1 Qd7 27.Be1  1-0

[Event "JUG-ch"]
[Site "Novi Sad"]
[Date "1985.??.??"]
[Round "?"]
[White "Rukavina, Josip"]
[Black "Marjanovic, Slavoljub"]
[Result "1/2-1/2"]
[WhiteElo "2470"]
[BlackElo "2505"]

1.Nf3 d5 2.c4 e6 3.g3 dxc4 4.Qa4+ Nd7 5.Qxc4 a6 6.Bg2 b5 7.Qc2 Bb7 8.O-O Ngf6
9.Re1 c5 10.d3 h6 11.Nc3 Bd6 12.b3 O-O 13.Bb2 Rc8 14.Rac1 Qb6 15.e4 Rfd8
16.h3 Ne5 17.Nxe5 Bxe5 18.Na4 bxa4 19.Bxe5 axb3 20.axb3 Nd7 21.Bc3 e5 22.h4 Qd6
23.Bh3 Bc6 24.Ba5 Re8 25.Red1 Bb5  1/2-1/2

[Event "JUG-ch"]
[Site "Novi Sad"]
[Date "1985.??.??"]
[Round "?"]
[White "Cvitan, Ognjen"]
[Black "Djuric, Stefan"]
[Result "1-0"]
[WhiteElo "2465"]
[BlackElo "2470"]

1.Nf3 d5 2.c4 e6 3.d4 Nf6 4.g3 a6 5.Bg2 dxc4 6.O-O b5 7.Ne5 Nd5 8.Nc3 c6
9.e4 Nxc3 10.bxc3 Be7 11.Qg4 Bf6 12.Qh5 Bxe5 13.Qxe5 O-O 14.Qh5 e5 15.Qxe5 Nd7
16.Qh5 h6 17.f4 Bb7 18.f5 Nf6 19.Qh4 c5 20.Bxh6 gxh6 21.Qxh6 cxd4 22.Rf4 Re8
23.Rh4 Nh7 24.Rg4+  1-0

[Event "SVK-ch"]
[Site "Piestany"]
[Date "1985.??.??"]
[Round "11"]
[White "Sukuba, Zdenek"]
[Black "Cervenka, Imrich"]
[Result "0-1"]
[WhiteElo "2200"]
[BlackElo "2310"]

1.Nf3 d5 2.c4 c6 3.g3 Nf6 4.Bg2 dxc4 5.a4 g6 6.Qc2 Bg7 7.Qxc4 O-O 8.d3 a5
9.O-O Be6 10.Qc2 Na6 11.Bd2 Nd5 12.Na3 Ndb4 13.Bxb4 Nxb4 14.Qd2 Bb3 15.Nc4 Bxc4
16.dxc4 Qxd2 17.Nxd2 Bxb2 18.Rab1 Bc3 19.Ne4 Bd4 20.e3 Bb6 21.Rfd1 Rfd8 22.Bf1 Rxd1
23.Rxd1 Rd8 24.Be2 Rxd1+ 25.Bxd1 Na6 26.Kf1 f5 27.Nd2 Bc5 28.Nb3 Bb4 29.g4 Kf7
30.gxf5 gxf5 31.Bc2 Kf6 32.f4 Nc7 33.Bd3 Na8 34.Nd4 e6 35.Bc2 Nb6 36.Bb3 Bc5
37.Ke2 Bxd4 38.exd4 c5 39.Kd3 Nd7 40.d5 e5 41.fxe5+ Nxe5+ 42.Ke2 Nf7 43.Bc2 Ke5
44.Ke3 Nd6 45.Bd3 h6 46.h3 Nc8 47.Bc2 Nb6 48.Bb3 f4+ 49.Kf3 Kd4 50.Kxf4 Kc3
51.Bd1 Kxc4 52.Ke5 Kd3 53.d6 c4 54.Bg4 c3 55.d7 Nxd7+  0-1

[Event "Rubinstein mem"]
[Site "Polanica Zdroj"]
[Date "1985.??.??"]
[Round "3"]
[White "Cvitan, Ognjen"]
[Black "Mokry, Karel"]
[Result "1/2-1/2"]
[WhiteElo "2465"]
[BlackElo "2490"]

1.Nf3 d5 2.c4 c6 3.e3 Nf6 4.Nc3 g6 5.d4 Bg7 6.Be2 O-O 7.O-O dxc4 8.Bxc4 Bg4
9.h3 Bxf3 10.Qxf3 Nbd7 11.Rd1 Qc7 12.e4 e5 13.d5 Nb6 14.Bb3 cxd5 15.exd5 Ne8
16.Be3 Nd6 17.Rac1 Qd7 18.Bc5 Nbc8 19.Ne4 Re8 20.Ba3 Nxe4 21.Qxe4 Nd6 22.Ba4 Nxe4
23.Bxd7 Red8 24.Rc7 Bf8 25.Bxf8 Kxf8 26.d6 Rab8 27.Re1 Nc5 28.Rxe5 Rxd7 29.Rexc5 Rxd6
30.Rb5 b6 31.Rxa7 Rc8 32.Rb3 Rc1+ 33.Kh2 Rf6 34.f3 Rc2 35.Rb7 Rf5 36.h4 Rd5
37.R3xb6 Rdd2 38.Rf6 Rxg2+ 39.Kh3 Rh2+ 40.Kg3 Rcg2+ 41.Kf4 Rxh4+ 42.Ke3 Kg8
43.Rfxf7 Rxb2 44.Rg7+ Kh8 45.Rxh7+ Rxh7 46.Rxb2 Ra7 47.Kd4 Kg7 48.Kc4 Kf6
49.Rb6+ Kg5 50.Kb3 Rf7 51.a4 Rxf3+ 52.Kb4 Rf8 53.a5 Kf5 54.a6 g5 55.a7  1/2-1/2

[Event "Prague op"]
[Site "Prague"]
[Date "1985.??.??"]
[Round "?"]
[White "Espig, Lutz"]
[Black "Chalupecky, V."]
[Result "1-0"]
[WhiteElo "2420"]
[BlackElo "2200"]

1.Nf3 d5 2.c4 Nf6 3.cxd5 Nxd5 4.d4 e6 5.e4 Nf6 6.Nc3 c6 7.Bd3 h6 8.O-O Be7
9.Qe2 Nbd7 10.Bf4 Nb6 11.Rad1 Nh5 12.Bc1 Qc7 13.Ne5 Nf6 14.Bf4 Bd6 15.Nxf7 Kxf7
16.Bxd6 Qxd6 17.e5 Qe7 18.exf6 Qxf6 19.Ne4 Qe7 20.Qf3+ Ke8 21.Rfe1 Rf8 22.Qg3 Nd5
23.Nd6+ Kd7 24.Nf5 Qf6 25.Qd6+ Ke8 26.Be4 Kf7 27.Bxd5 cxd5 28.Ne3 Kg8 29.Ng4 Qf4
30.Qxf4 Rxf4 31.Ne5 b6 32.g3 Rf8 33.Rc1 Ba6 34.Ng6 Rfe8 35.Rc7 Kh7 36.Nf4 Rec8
37.Nxe6 Re8 38.Re5 Bc8 39.Ng5+  1-0

[Event "Sarajevo"]
[Site "Sarajevo"]
[Date "1985.??.??"]
[Round "7"]
[White "Nogueiras, Jesus"]
[Black "Lputian, Smbat G"]
[Result "0-1"]
[WhiteElo "2545"]
[BlackElo "2530"]

1.Nf3 d5 2.c4 e6 3.g3 c5 4.cxd5 exd5 5.d4 Nc6 6.Bg2 Nf6 7.O-O Be7 8.Nc3 O-O
9.Bg5 c4 10.Ne5 Be6 11.f4 Ng4 12.Nxg4 Bxg4 13.Bxd5 Bxg5 14.fxg5 Qxg5 15.Rf4 Rad8
16.Qd2 h5 17.e4 Be6 18.Raf1 Qe7 19.a3 g6 20.Rf6 Bxd5 21.exd5 Nb8 22.R6f2 Nd7
23.Qh6 Rde8 24.Qf4 Qe3 25.Nb5 Qxf4 26.Rxf4 Nb6 27.d6 a6 28.Nc3 Rd8 29.Rf6 Nd7
30.R6f2 f5 31.Re2 Rf6 32.h3 Rxd6 33.g4 hxg4 34.hxg4 fxg4 35.Re7 Rf8 36.d5 Rxf1+
37.Kxf1 Kf8 38.Rh7 b5 39.Rh8+ Ke7 40.Rh7+ Kd8 41.Rf7 Rf6+ 42.Rxf6 Nxf6  0-1

[Event "Tallinn"]
[Site "Tallinn"]
[Date "1985.??.??"]
[Round "?"]
[White "Kochyev, Alexander"]
[Black "Kiik, A."]
[Result "1-0"]
[WhiteElo "2465"]
[BlackElo "2200"]

1.Nf3 d5 2.c4 e6 3.d4 c5 4.cxd5 exd5 5.Bg5 Be7 6.Bxe7 Nxe7 7.dxc5 Qa5+ 8.Nc3 Qxc5
9.e3 Nbc6 10.Be2 O-O 11.O-O Be6 12.Rc1 Rad8 13.a3 Nf5 14.b4 Qe7 15.Nb5 Qf6
16.Bd3 Nh4 17.Nxh4 Qxh4 18.g3 Qh3 19.Nd4 Nxd4 20.exd4 Rc8 21.Qd2 Bf5 22.Rc5 Bxd3
23.Qxd3 Qe6 24.Qb5 Rcd8 25.Qxb7 h5 26.h4 Qe4 27.Rc7 g5 28.hxg5 h4 29.Re7 Qg4
30.Qc7 Qxg5 31.Kg2 Rc8 32.Qe5 Qxe5 33.Rxe5 Rc3 34.Rg5+  1-0

[Event "URS-ch sf"]
[Site "Togliatti"]
[Date "1985.??.??"]
[Round "?"]
[White "Kengis, Edvins"]
[Black "Meister, Yakov"]
[Result "1-0"]
[WhiteElo "2430"]
[BlackElo "2405"]

1.Nf3 d5 2.c4 e6 3.d4 Nf6 4.g3 dxc4 5.Bg2 b5 6.a4 c6 7.axb5 cxb5 8.Ne5 Nd5
9.Nc3 Bb4 10.O-O Bxc3 11.e4 Bxb2 12.exd5 Bxa1 13.Ba3 a5 14.dxe6 Bxe6 15.Bxa8 Bxd4
16.Nc6 Bxf2+ 17.Kxf2 Qc7 18.Bd6 Qb6+ 19.Qd4 Qxd4+ 20.Nxd4 b4 21.Ra1 Kd7 22.Bf4 Rc8
23.Bb7 Rd8 24.Rxa5 Ke8 25.Nxe6 fxe6 26.Rb5  1-0

[Event "Trencianske Teplice"]
[Site "Trencianske Teplice"]
[Date "1985.??.??"]
[Round "8"]
[White "Vokac, Marek"]
[Black "Prandstetter, Eduard"]
[Result "0-1"]
[WhiteElo "2360"]
[BlackElo "2450"]

1.Nf3 d5 2.c4 e6 3.b3 Nf6 4.Bb2 Be7 5.g3 O-O 6.Bg2 c6 7.O-O Nbd7 8.Qc2 b6
9.d4 Bb7 10.Nc3 dxc4 11.bxc4 c5 12.d5 exd5 13.cxd5 Nxd5 14.Nxd5 Bxd5 15.Rad1 Be6
16.Ne5 Qc7 17.Nxd7 Bxd7 18.Bxa8 Rxa8 19.Qc3 Bf8 20.Rd5 f6 21.Rfd1 Be6 22.R5d2 Re8
23.Qf3 Qf7 24.a3 Bc4 25.e4 Bb5 26.Qf5 Bc6 27.Re1 c4 28.e5 Bd5 29.Rde2 Be6
30.Qf4 f5 31.Rd1 b5 32.Red2 a5 33.Rd8 b4 34.axb4 axb4 35.Qf3 c3 36.Bc1 Be7
37.Ra8 h6 38.Qc6 Rxa8 39.Qxa8+ Kh7 40.Qc6 Bc4 41.e6 Bxe6 42.Re1 Bd5 43.Qc7 Qh5
44.Qxe7 Qf3 45.Kf1 Qh1+ 46.Ke2 Bc4+ 47.Kd1 Qd5+  0-1

[Event "Tirnavia-B"]
[Site "Trnava"]
[Date "1985.??.??"]
[Round "11"]
[White "Priehoda, Vitezslav"]
[Black "Cervenka, Imrich"]
[Result "1-0"]
[WhiteElo "2265"]
[BlackElo "2310"]

1.Nf3 d5 2.c4 e6 3.b3 Nf6 4.Bb2 Be7 5.d4 O-O 6.e3 c5 7.Nbd2 Nc6 8.Rc1 cxd4
9.exd4 Ne4 10.Bd3 Nxd2 11.Qxd2 Bb4 12.Bc3 Bxc3 13.Rxc3 dxc4 14.Rxc4 Qf6 15.O-O g6
16.Be4 Rd8 17.Rd1 Bd7 18.Ne5 Nxe5 19.dxe5 Qxe5 20.f4  1-0

[Event "Vrnjacka Banja"]
[Site "Vrnjacka Banja"]
[Date "1985.??.??"]
[Round "?"]
[White "Plachetka, Jan"]
[Black "Lukacs, Peter"]
[Result "0-1"]
[WhiteElo "2440"]
[BlackElo "2470"]

1.Nf3 d5 2.c4 d4 3.e3 Nc6 4.b4 dxe3 5.fxe3 Nxb4 6.d4 e5 7.a3 Nc6 8.d5 e4
9.Nfd2 Ne5 10.Nxe4 Qh4+ 11.Nf2 Nh6 12.Nc3 Nhg4 13.Ne4 f5 14.h3 Nxf2 15.Nxf2 Bc5
16.Be2 O-O 17.O-O Qg3 18.Qb3 Bd6 19.Nh1 Qh2+ 20.Kf2 Bd7 21.Bd2 Rae8 22.Rac1 f4
23.exf4 Bc5+ 24.Ke1 Qxg2 25.fxe5 Rxf1+ 26.Bxf1 Rxe5+ 27.Kd1 Qxf1+ 28.Kc2 Qxh3
29.Ng3 Qg4 30.Rf1 h5 31.Rf4 Qg6+ 32.Kb2 Qb6 33.Qxb6 axb6 34.Bc3 Rg5 35.Ne4 Rg2+
36.Kb3 Be7 37.Be5 Bd8 38.d6 c6 39.Nf2 g5 40.Rf3 g4 41.Rf4 Bg5  0-1

[Event "Albena"]
[Site "Albena"]
[Date "1986.??.??"]
[Round "?"]
[White "Davies, Nigel R"]
[Black "Kolev, Atanas"]
[Result "1-0"]
[WhiteElo "2410"]
[BlackElo "2350"]

1.Nf3 d5 2.c4 c6 3.d4 Nf6 4.Nc3 dxc4 5.Ne5 b5 6.g3 e6 7.Bg2 Nd5 8.a4 Bb4
9.Bd2 Bxc3 10.bxc3 a6 11.e4 Nf6 12.Bg5 h6 13.Bxf6 gxf6 14.Ng4 h5 15.Ne3 Bb7
16.O-O Nd7 17.Qb1 Qc7 18.Qb2 Rb8 19.h4 Nb6 20.axb5 cxb5 21.Rfe1 Kf8 22.Qe2 Nd7
23.Bf3 a5 24.Reb1 Ba8 25.Qa2 f5 26.Qa3+ Kg7 27.d5 f4 28.dxe6 Ne5 29.Nf5+ Kf6
30.Bg2 f3 31.Bh3 Bxe4 32.Qc1 Kxe6 33.Nd4+ Kd5 34.Rxb5+ Rxb5 35.Nxb5 Qb6 36.Nd4 Rg8
37.Qf4 f5 38.Nxf5 Bxf5 39.Bxf5 Nd3 40.Bxd3 cxd3 41.Qf7+  1-0

[Event "Albena"]
[Site "Albena"]
[Date "1986.??.??"]
[Round "?"]
[White "Azmaiparashvili, Zurab"]
[Black "Messa, Roberto"]
[Result "1-0"]
[WhiteElo "2470"]
[BlackElo "2345"]

1.Nf3 d5 2.c4 e6 3.d4 Be7 4.Nc3 Nf6 5.Bg5 O-O 6.e3 h6 7.Bh4 b6 8.Rc1 Bb7
9.cxd5 Nxd5 10.Nxd5 exd5 11.Bxe7 Qxe7 12.Qa4 c5 13.Qa3 Nc6 14.dxc5 d4 15.Bb5 dxe3
16.Qxe3 Qf6 17.O-O Qxb2 18.Bxc6 Bxc6 19.Nd4 Rac8 20.Rc2 Qb4 21.cxb6 Qxb6
22.Nf5  1-0

[Event "Bayern-ch"]
[Site "Bayern"]
[Date "1986.??.??"]
[Round "?"]
[White "Blazi, Janos"]
[Black "Roeder, Gerd"]
[Result "1-0"]
[WhiteElo "2280"]
[BlackElo "2280"]

1.Nf3 d5 2.c4 c6 3.Qc2 Nf6 4.g3 g6 5.Bg2 Bg7 6.O-O O-O 7.d4 Bf5 8.Qb3 Qb6
9.c5 Qxb3 10.axb3 Bxb1 11.Rxb1 Na6 12.Rd1 Ne4 13.Ne1 f5 14.f3 Nf6 15.Nd3 Nd7
16.Nf4 Bxd4+ 17.Rxd4 e5 18.Ra4 exf4 19.b4 fxg3 20.hxg3 Rfe8 21.Bf4 Nab8 22.Kf2 a6
23.Rd1 Nf6 24.Be3 Nbd7 25.Bd4 Re6 26.b3 Rae8 27.Ra2 R8e7 28.Rad2 Ne5 29.Bh3 Nf7
30.Bc3 Ng5 31.Bg2 Nh5 32.Bd4 Re8 33.Ra1 Kf7 34.e3 R6e7 35.Rh1 Kg8 36.Rxh5 gxh5
37.Bf6 h6 38.Bxe7 Rxe7 39.Rd4 Kg7 40.Bf1 Kg6 41.Rh4 Ne6 42.Bd3 Kg5 43.Be2 d4
44.exd4 f4 45.Bc4 fxg3+ 46.Kxg3 Ng7 47.f4+ Kf6 48.Kf3 Rd7 49.d5 cxd5 50.Bd3 Rc7
51.Ke3 a5 52.bxa5 Rxc5 53.b4 Rc3 54.Kd2 Rb3 55.b5 Ra3 56.a6 bxa6 57.bxa6 d4
58.Rh1 Ra2+ 59.Kc1 Ra5 60.Kc2 Ne6 61.Kb3 Nxf4 62.Bc4 d3 63.Kb4 Re5 64.Rf1 Kg5
65.a7 Re8 66.Rg1+ Kf6 67.Rg8 Rxg8 68.Bxg8 d2 69.Bb3 Nd5+ 70.Kc5 Nc7 71.Kc6 Na8
72.Kb7 h4 73.Kxa8 h3 74.Kb8 Kg5 75.a8=Q Kg4 76.Qh1 Kg3 77.Kc7 h5 78.Kd6 h4
79.Ke5 h2 80.Bd1 h3 81.Qf3+ Kh4 82.Qg4+  1-0

[Event "Berlin op"]
[Site "Berlin-West"]
[Date "1986.??.??"]
[Round "?"]
[White "Eng, Holger"]
[Black "Dizdar, Goran"]
[Result "0-1"]
[WhiteElo "2325"]
[BlackElo "2475"]

1.Nf3 d5 2.c4 e6 3.d4 Nf6 4.Nc3 Bb4 5.Bg5 h6 6.Bxf6 Qxf6 7.e3 c5 8.Rc1 cxd4
9.Nxd4 O-O 10.cxd5 exd5 11.a3 Bxc3+ 12.Rxc3 Nc6 13.Bb5 Nxd4 14.Qxd4 Qg5 15.g3 Bh3
16.f4 Qh5 17.Kf2 Bg4 18.h4 Bf3 19.Rhc1 Qg4 20.Bd7 f5 21.Ba4 Be4 22.Qd1 Qh3
23.Qg1 Rfd8 24.Ke1 Kh7 25.Bd1 Rd6 26.h5 Re8 27.Be2 Rde6 28.Rd1 Rc6 29.Rxc6 bxc6
30.Rd2 c5 31.Bd1 Qh1 32.Qxh1 Bxh1 33.Kf2 Rb8 34.Bf3 Bxf3 35.Kxf3 d4 36.exd4 Rb3+
37.Kg2 cxd4 38.Kh3 d3 39.Kg2 g6 40.Kf3 gxh5 41.Ke3 a5 42.Kd4 Kg6 43.Rxd3 Rxb2
44.Ke5 Rb5+ 45.Rd5 Rb3 46.Rxa5 Re3+ 47.Kd5 Rxg3 48.Ke5 h4 49.Ra6+ Kg7 50.Kxf5 h3  0-1

[Event "Biel"]
[Site "Biel"]
[Date "1986.??.??"]
[Round "?"]
[White "Kortschnoj, Viktor"]
[Black "Huebner, Robert"]
[Result "1-0"]
[WhiteElo "2650"]
[BlackElo "2620"]

1.Nf3 d5 2.c4 e6 3.d4 Nf6 4.Nc3 Be7 5.Bg5 O-O 6.e3 Nbd7 7.Rc1 c6 8.Bd3 dxc4
9.Bxc4 Nd5 10.Bxe7 Qxe7 11.Ne4 N5f6 12.Nxf6+ Qxf6 13.Bb3 e5 14.O-O exd4 15.Qxd4 Qxd4
16.Nxd4 Rd8 17.Rcd1 Ne5 18.f4 Ng6 19.h3 Bd7 20.Kf2 Kf8 21.Rd2 c5 22.Nf3 Be8
23.Rfd1 Rxd2+ 24.Rxd2 Rc8 25.Ng5 c4 26.Bc2 Ke7 27.Nxh7 f6 28.Rd4 Bf7 29.Bf5 Rc5
30.g4 Rb5 31.Rd7+ Ke8 32.Rd2 Ra5 33.a4 a6 34.Kg3 Rxf5 35.gxf5 Ne7 36.e4 Bg8
37.Nxf6+ gxf6 38.Rd6 b5 39.axb5 axb5 40.Rb6 Nc8 41.Rxb5 Nd6 42.Rb8+ Kf7 43.Kf3 Kg7
44.Rb6  1-0

[Event "Midwest Masters op"]
[Site "Chicago"]
[Date "1986.??.??"]
[Round "1"]
[White "Blocker, Calvin"]
[Black "Van Meter, Lester"]
[Result "0-1"]
[WhiteElo "2380"]
[BlackElo "2260"]

1.Nf3 d5 2.c4 dxc4 3.e3 Nf6 4.Bxc4 e6 5.O-O c5 6.d4 Nc6 7.Qe2 a6 8.Nc3 Qc7
9.Rd1 Be7 10.a3 b5 11.Ba2 O-O 12.dxc5 Bxc5 13.b4 Bb6 14.Bb2 Bb7 15.Rac1 Rfd8
16.Ng5 Rxd1+ 17.Qxd1 Qe5 18.h4 Bxe3 19.fxe3 Qxe3+ 20.Kh1 Qf2 21.Qe2 Qxh4+
22.Nh3 Nd4 23.Qd3 Nf5 24.Kg1 Ng4 25.Rd1 Nge3 26.Ne2 Nxd1 27.Qxd1 Rd8 28.Qc1 Qg4
29.Nhf4 Bxg2 30.Nxg2 Qxe2 31.Bb3 h6 32.Bc3 Rc8 33.Qa1 Ne3 34.Nf4 Qg4+  0-1

[Event "Capablanca mem-A"]
[Site "Cienfuegos"]
[Date "1986.??.??"]
[Round "6"]
[White "Vladimirov, Evgeny"]
[Black "Garcia Palermo, Carlos"]
[Result "0-1"]
[WhiteElo "2490"]
[BlackElo "2550"]

1.Nf3 d5 2.c4 dxc4 3.Na3 c5 4.Nxc4 Nc6 5.g3 f6 6.Bg2 e5 7.O-O Nge7 8.d3 Be6
9.Nfd2 Nd5 10.Ne4 Be7 11.f4 f5 12.Nc3 exf4 13.gxf4 O-O 14.Bd2 Rf6 15.Ne5 Nxe5
16.fxe5 Rg6 17.Kh1 Nxc3 18.Bxc3 Bd5 19.Bxd5+ Qxd5+ 20.Rf3 Ra6 21.Qf1 Rc8
22.Qg2 Rg6 23.Rg3 Qxg2+ 24.Kxg2 Rxg3+ 25.hxg3 g6 26.Kf3 Kf7 27.e4 fxe4+ 28.Kxe4 Ke6
29.g4 Rf8 30.d4 cxd4 31.Bxd4 Bg5 32.Rh1 Rf4+ 33.Kd3 h6 34.Rg1 a6 35.Rg3 Bh4
36.Rg2 Rf3+ 37.Ke4 Rg3 38.Rc2 Rxg4+ 39.Kd3 Rg3+ 40.Ke4 Rg4+ 41.Kd3 Be7 42.Rc7 h5
43.Bf2 h4 44.Ke2 h3 45.Rc3 Re4+ 46.Kf1 Rf4 47.Ke2 Bh4 48.Bg1 h2  0-1

[Event "Copenhagen op"]
[Site "Copenhagen"]
[Date "1986.??.??"]
[Round "5"]
[White "Knudsen, Per"]
[Black "Sorensen, Henrik"]
[Result "0-1"]
[WhiteElo "2325"]
[BlackElo "2250"]

1.Nf3 d5 2.c4 c6 3.b3 Bg4 4.Bb2 Nd7 5.g3 Ngf6 6.Bg2 e6 7.O-O Be7 8.d3 O-O
9.Nbd2 Qc7 10.Qc2 Rfe8 11.Rfe1 a5 12.a3 Bf8 13.Nf1 Qb6 14.Rab1 Bh5 15.Nh4 e5
16.e4 dxe4 17.Bxe4 Nxe4 18.Rxe4 f6 19.d4 exd4 20.g4 d3  0-1

[Event "Dresden Post"]
[Site "Dresden"]
[Date "1986.??.??"]
[Round "?"]
[White "Kalinitschew, Sergey"]
[Black "Mathe, Gaspar"]
[Result "1/2-1/2"]
[WhiteElo "2410"]
[BlackElo "2375"]

1.Nf3 d5 2.c4 e6 3.d4 Nf6 4.Nc3 Be7 5.Bg5 Nbd7 6.e3 O-O 7.Rc1 c6 8.Bd3 dxc4
9.Bxc4 Nd5 10.Bxe7 Qxe7 11.Ne4 e5 12.O-O exd4 13.Qxd4 N7f6  1/2-1/2

[Event "Bundesliga 8586"]
[Site "Germany"]
[Date "1986.??.??"]
[Round "?"]
[White "Hickl, Joerg"]
[Black "Mandl, Rudolf"]
[Result "1-0"]
[WhiteElo "2370"]
[BlackElo "2280"]

1.Nf3 d5 2.c4 dxc4 3.e3 Nf6 4.Bxc4 e6 5.O-O c5 6.d4 a6 7.Qc2 b5 8.Be2 Nbd7
9.a4 bxa4 10.Nc3 Bb7 11.Rd1 cxd4 12.Nxd4 Qc7 13.Rxa4 Nb6 14.Ra1 Bd6 15.h3 O-O
16.Bd2 Rfc8 17.Qb3 e5 18.Nf5 Bc5 19.Be1 g6 20.Ng3 h5 21.Rac1 h4 22.Nf1 Qc6
23.Bf3 e4 24.Be2 Rc7 25.Qa2 Rd7 26.b4 Bxb4 27.Nd5 Qxd5 28.Rxd5 Bxd5 29.Qb2 Bxe1
30.Qxb6  1-0

[Event "HUN-ch"]
[Site "?"]
[Date "1986.??.??"]
[Round "?"]
[White "Szekely, Peter"]
[Black "Forintos, Gyozo V"]
[Result "1/2-1/2"]
[WhiteElo "2430"]
[BlackElo "2395"]

1.Nf3 d5 2.c4 dxc4 3.e3 Nf6 4.Bxc4 e6 5.d4 c5 6.dxc5 Qxd1+ 7.Kxd1 Bxc5 8.Ke2 Nc6
9.Nc3 a6 10.a3 b5 11.Bd3 b4 12.Ne4 Be7 13.Bd2 Bb7 14.Nxf6+ gxf6 15.Rhc1 Kd7
16.axb4 Nxb4 17.Bc4 Rhc8 18.b3 Bd5 19.Bxd5 Nxd5 20.Rxc8 Kxc8 21.e4  1/2-1/2

[Event "Jajce (Women)"]
[Site "Jajce"]
[Date "1986.??.??"]
[Round "10"]
[White "Nutu Gajic, Dana"]
[Black "Puljek Salai, Zorica"]
[Result "0-1"]
[WhiteElo "2180"]
[BlackElo "2085"]

1.Nf3 d5 2.c4 c6 3.e3 Nf6 4.Nc3 g6 5.d4 Bg7 6.Bd3 O-O 7.O-O Nbd7 8.cxd5 cxd5
9.Qb3 e6 10.Bd2 b6 11.Nb5 Ba6 12.Bb4 Bxb5 13.Bxb5 Re8 14.Rfc1 Bf8 15.Rc2 Bxb4
16.Qxb4 Rf8 17.Ba6 Ne4 18.Rac1 Ndf6 19.Ne5 Qd6 20.Qb5 Nc5 21.h3 Nxa6 22.Qxa6 Ne4
23.f3 Ng3 24.Kf2 Nf5 25.g4 f6 26.gxf5 fxe5 27.Rc6 Qb4 28.fxg6 exd4 29.gxh7+ Kh8
30.Qd3 e5 31.e4 dxe4 32.Qxe4 Qd2+ 33.Qe2 Qxe2+ 34.Kxe2 Kxh7 35.Rc7+ Kg6 36.R1c6+ Rf6
37.Rxf6+ Kxf6 38.Kd3 Rh8 39.Rxa7 Rxh3 40.Ke4 Rh4+ 41.Kd3 Rf4 42.Kc4 Rxf3
43.Ra6 Rf1 44.Rxb6+ Kf5 45.a4 Ke4 46.a5 Rc1+ 47.Kb3 d3 48.Rd6 Ke3 49.a6 d2
50.a7 Rc8 51.Kb4 e4 52.Ka5 Ke2 53.b4 d1=Q 54.Rxd1 Kxd1 55.b5 e3 56.b6 e2  0-1

[Event "Jajce (Women)"]
[Site "Jajce"]
[Date "1986.??.??"]
[Round "12"]
[White "Nutu Gajic, Dana"]
[Black "Voiska, Margarita"]
[Result "1-0"]
[WhiteElo "2180"]
[BlackElo "2245"]

1.Nf3 d5 2.c4 e6 3.g3 Nf6 4.Bg2 c5 5.cxd5 exd5 6.d4 Be7 7.O-O O-O 8.Nc3 Nc6
9.Bg5 c4 10.Ne5 Be6 11.e3 Nd7 12.Nxc6 bxc6 13.Bxe7 Qxe7 14.b3 cxb3 15.axb3 Bf5
16.Na4 Rfc8 17.Qd2 h5 18.Rfc1 h4 19.Rc3 Nf6 20.Nc5 g6 21.f3 hxg3 22.hxg3 Kg7
23.e4 Be6 24.e5 Nd7 25.Kf2 Rh8 26.Nd3 Bh3 27.Rxc6 Nf8 28.Rh1 Bxg2 29.Rxh8 Kxh8
30.Qh6+ Kg8 31.Kxg2 Ne6 32.Nf4 Nxf4+ 33.gxf4 Re8 34.Rc1 Qf8 35.Qxf8+ Kxf8
36.Rc7 Rb8 37.Rxa7 Rb4 38.Ra4 Rb5 39.b4 Ke7 40.Ra5 Rxb4 41.Rxd5 Rb6 42.Kg3 Ra6
43.Rb5 Ra7 44.d5 Rd7 45.f5 gxf5 46.Kf4  1-0

[Event "URS-FL"]
[Site "Kujbyshev"]
[Date "1986.??.??"]
[Round "?"]
[White "Yermolinsky, Alex"]
[Black "Yakovich, Yuri"]
[Result "1-0"]
[WhiteElo "2445"]
[BlackElo "2440"]

1.Nf3 d5 2.c4 dxc4 3.Na3 a6 4.Nxc4 b5 5.Ne3 Bb7 6.a4 Nd7 7.g3 e6 8.Bg2 Ngf6
9.O-O Be7 10.axb5 axb5 11.Rxa8 Qxa8 12.Qb3 Qa6 13.Nd4 Bxg2 14.Nxg2 c6 15.d3 O-O
16.Bg5 h6 17.Bd2 Qb6 18.Nc2 Ra8 19.Be3 Nc5 20.Bxc5 Qxc5 21.d4 Qb6 22.Nf4 c5
23.dxc5 Qxc5 24.Ne3 Ne4 25.Nxe6 Qc8 26.Nf5 Bf6 27.Nexg7 Qc4 28.Qf3 Bxg7 29.Nd6 Nxd6
30.Qxa8+ Kh7 31.Rd1 Ne4 32.Qd5 Qxe2 33.Qf5+ Kg8 34.Rd8+ Bf8 35.h4 Kg7 36.Rd4 Nf6
37.b4 Qe6 38.Qxb5 Ng4 39.h5 Be7 40.Rf4  1-0

[Event "DSV-Turnier"]
[Site "Leipzig"]
[Date "1986.??.??"]
[Round "11"]
[White "Vogt, Lothar"]
[Black "Suetin, Alexey S"]
[Result "1/2-1/2"]
[WhiteElo "2505"]
[BlackElo "2400"]

1.Nf3 d5 2.c4 d4 3.e3 Nc6 4.exd4 Nxd4 5.Nxd4 Qxd4 6.Nc3 c6 7.d3 e5 8.Be3 Qd8
9.d4 exd4 10.Qxd4 Qxd4 11.Bxd4 Nf6 12.O-O-O Be7 13.Bd3 O-O 14.Rhe1 Be6 15.f3 Rfd8
16.Bg1 Nd7 17.f4 Nc5 18.Bc2 Rxd1+ 19.Rxd1 Bxc4 20.b3 Ba6 21.f5 b6 22.Ne4 Nxe4
23.Bxe4 Rd8 24.Rxd8+ Bxd8 25.Bxc6 Bd3 26.Bd7 Bg5+ 27.Kb2 Kf8 28.Bd4 Ke7 29.Bc8 Kd8
30.f6 Bxf6 31.Bxf6+ gxf6 32.Bh3 Ke7 33.Kc3 Bb1 34.a3 Kd6 35.Kd4 Ba2 36.Kc3 Bb1
37.Kd4 Bc2 38.b4 Bb3 39.Bf5 h6 40.g3 Bd5  1/2-1/2

[Event "Lvov Int"]
[Site "Lvov"]
[Date "1986.??.??"]
[Round "?"]
[White "Szekely, Peter"]
[Black "Lputian, Smbat G"]
[Result "1/2-1/2"]
[WhiteElo "2415"]
[BlackElo "2520"]

1.Nf3 d5 2.c4 dxc4 3.e3 Be6 4.Ng5 Bd5 5.e4 Bc6 6.Bxc4 e6 7.d3 Be7 8.Nf3 Nf6
9.O-O O-O 10.Nc3 a6 11.Be3 Nbd7 12.Nd4  1/2-1/2

[Event "URS-ch otbor"]
[Site "Minsk"]
[Date "1986.??.??"]
[Round "?"]
[White "Kengis, Edvins"]
[Black "Dautov, Rustem"]
[Result "1/2-1/2"]
[WhiteElo "2475"]
[BlackElo "2350"]

1.Nf3 d5 2.c4 c6 3.b3 Nf6 4.Bb2 Bf5 5.e3 e6 6.Be2 h6 7.O-O Bd6 8.cxd5 exd5
9.d3 O-O 10.Nbd2 Re8 11.Re1 Nbd7 12.e4 dxe4 13.dxe4 Bxe4 14.Nxe4 Nxe4 15.Bd3 Ndf6
16.Qc2 Ng5 17.Nxg5 hxg5 18.Bc4 b5 19.Bf1 Qd7 20.g3 Rxe1 21.Rxe1 Rc8 22.Rd1 Nd5
23.Rc1 Ne7 24.Qd2 f6 25.Rd1 Rd8 26.Qe2 Nd5 27.Qf3 Bc7 28.Bd3 Qe6 29.Bf5 Qe8
30.Kf1 Ba5 31.Qg4 g6 32.Be6+ Kg7 33.Bxd5 Rxd5 34.Rxd5 cxd5 35.b4 Bb6 36.Qxg5 Qe6
37.Qf4 Qc6 38.Qf3 Qe6 39.h4 d4 40.Qb7+ Kf8 41.Kg2 f5 42.Kf3 d3 43.Qg7+ Ke8
44.Qe5 Ke7 45.Bc3 Qxe5 46.Bxe5 Ke6 47.Bf4 Kd5 48.Bd2 Kc4 49.Kg2 Bd4 50.Kf1 Be5
51.Ke1 a6 52.Kd1 Kd4 53.Be3+ Ke4 54.Kd2 Bg7 55.Bc5 Bh6+ 56.Kc3 Bc1 57.Bb6 d2
58.Kc2 Kf3 59.Kd1 f4 60.gxf4 Kxf4 61.Ke2 Kg4 62.Bd8 Bb2 63.Kxd2 Kf3 64.Kd3 Be5
65.Be7 Bg7 66.Bg5 Bf8 67.Kd4 Bxb4 68.Kd5 Be1 69.Kc6 b4 70.Kb6 a5 71.Kb5 Kxf2
72.Bd8 Kg3 73.Bxa5 Kxh4 74.Bxb4  1/2-1/2